00000000nam##2200000za#4500
0019.563626
003CaOODSP
00520230131161132
007cr |||||||||||
008150406|2008||||xxc|||||o    f|0| 0 eng|d
020 |a978-0-662-47695-5
022 |a1701-4387
040 |aCaOODSP|beng
043 |an-cn---
0861 |aM44-2008/4E-PDF
1102 |aGeological Survey of Canada.
24510|aGas permeability versus texture relationship of sediment samples from a research well in the Beaufort-Mackenzie Basin, Northwest Territories / |h[electronic resource]|c[by] T.J. Katsube and S. Connell-Madore.
260 |aOttawa - Ontario : |bNatural Resources Canada.
300 |a12p.|bfigs., references, tables
4901 |aGeological Survey of Canada, current research 2008|x1701-4387|v2008-4
546 |a(Résumés en français.)
590 |a12-27-Supp|b2012-06-12
7201 |aKatsube, T. J.
7201 |aConnell-Madore, S.
830#0|aCurrent research (Geological Survey of Canada)|x1701-4387|v2008-4|w(CaOODSP)9.506236
85640|ahttp://publications.gc.ca|qPDF|s445 KB|uhttps://publications.gc.ca/collections/collection_2012/rncan-nrcan/M44-2008-4-eng.pdf|y2008-4